Star Wars Movies/TV Shows by Year - Statistics

General Stats
  • This quiz has been taken 106 times
    90 since last reset
  • The average score is 16 of 24
Answer Stats
Year(s) Type Answer % Correct
32 BBY Film The Phantom Menace
95%
22 BBY Film Attack of the Clones
92%
19 BBY Film Revenge of the Sith
90%
22 - 19 BBY Series Clone Wars
89%
0 BBY / 0 ABY Film A New Hope
84%
22 BBY Film Clone Wars
80%
4 ABY Film Return of the Jedi
80%
3 ABY Film The Empire Strikes Back
80%
0 BBY Film Rogue 1: A Star Wars Story
79%
13 - 10 BBY Film Solo: A Star Wars Story
77%
132 BBY Series The Acolyte
69%
9 BBY Series Obi-Wan Kenobi
66%
5 - 0 BBY Series Rebels
66%
34 ABY Film The Force Awakens
64%
34 ABY Film The Last Jedi
64%
9 ABY Series The Mandalorian
64%
19 BBY Series The Bad Batch
62%
35 ABY Film The Rise of Skywalker
61%
5 - 0 BBY Series Andor
59%
9 ABY Series Ahsoka
54%
9 ABY Series The Book of Boba Fett
54%
~ 50 - 19 BBY Series Tales of the Jedi
52%
33 - 35 ABY Series Resistance
41%
9 ABY Series Skeleton Crew
28%
No matching quizzes found
Score Distribution
Percent of People with Each Score
Percentile by Number Answered
Your Score History
You have not taken this quiz since the last reset